[Event "18. Int. Boeblinger Open"]
[Site "Boeblingen"]
[Date "2001.12.26"]
[Round "1"]
[White "Barikzai, Mohammed Daud"]
[Black "Horvath, Joszef"]
[Result "0-1"]
[WhiteElo "1893"]
[BlackElo "2551"]
[PlyCount "46"]
[EventDate "2001.??.??"]

1. d4 g6 2. c4 Nf6 3. Nc3 d5 4. Nf3 Bg7 5. e3 O-O 6. Be2 c5 7. O-O cxd4 8. exd4
Nc6 9. a3 Bg4 10. Be3 Rc8 11. cxd5 Nxd5 12. h3 Be6 13. Nxd5 Bxd5 14. b4 Bxf3
15. Bxf3 Bxd4 16. b5 Bxa1 17. bxc6 Be5 18. cxb7 Rc3 19. Qe2 Bb8 20. g3 Qd7 21.
Kg2 Rd8 22. Qb2 Qc7 23. h4 Rc2 0-1

[Event "18. Int. Boeblinger Open"]
[Site "Boeblingen"]
[Date "2001.12.26"]
[Round "1"]
[White "Farago, Ivan"]
[Black "Werner, Holger"]
[Result "1-0"]
[WhiteElo "2527"]
[BlackElo "1889"]
[PlyCount "47"]
[EventDate "2001.??.??"]

1. d4 Nf6 2. c4 e6 3. Nf3 b6 4. a3 Bb7 5. Nc3 d6 6. d5 e5 7. e4 Be7 8. Bd3 Nbd7
9. O-O Nf8 10. Nh4 Ng6 11. Nf5 O-O 12. g3 Re8 13. Bd2 Bf8 14. b4 Ne7 15. Ne3 c5
16. bxc5 dxc5 17. Bc2 g6 18. Ba4 Nd7 19. Qg4 Nf6 20. Qf3 Nd7 21. Bxd7 Qxd7 22.
Ng4 Qd8 23. Nf6+ Kh8 24. Nb5 1-0

[Event "18. Int. Boeblinger Open"]
[Site "Boeblingen"]
[Date "2001.12.26"]
[Round "1"]
[White "Eckwert, Edgar"]
[Black "Jaracz, Pawel"]
[Result "0-1"]
[WhiteElo "1883"]
[BlackElo "2525"]
[PlyCount "72"]
[EventDate "2001.??.??"]

1. d4 Nf6 2. c4 e6 3. Nc3 Bb4 4. Qc2 O-O 5. a3 Bxc3+ 6. Qxc3 b6 7. Nf3 d6 8.
Bg5 Nbd7 9. e3 Bb7 10. Be2 c5 11. O-O Rc8 12. Rac1 Qe7 13. Rfd1 h6 14. Bh4 g5
15. Bg3 Ne4 16. Qd3 f5 17. Nd2 Qf6 18. Bf3 d5 19. cxd5 exd5 20. Bxe4 fxe4 21.
Qe2 Rce8 22. Qg4 Bc8 23. h4 Qg7 24. Bd6 Rf7 25. hxg5 hxg5 26. Qg3 Qh6 27. dxc5
bxc5 28. Bxc5 Rh7 29. f3 Nxc5 30. Rxc5 Qh1+ 31. Kf2 Qxd1 32. Qxg5+ Rg7 33.
Qxd5+ Be6 34. Qd6 exf3 35. gxf3 Qg1+ 36. Ke2 Rd7 0-1

[Event "18. Int. Boeblinger Open"]
[Site "Boeblingen"]
[Date "2001.12.26"]
[Round "1"]
[White "Buhmann, Rainer"]
[Black "Scherer, Matthias"]
[Result "1-0"]
[WhiteElo "2505"]
[BlackElo "1881"]
[PlyCount "75"]
[EventDate "2001.??.??"]

1. Nf3 Nf6 2. c4 g6 3. Nc3 Bg7 4. e4 d6 5. d4 O-O 6. Be2 e5 7. O-O Nc6 8. d5
Ne7 9. b4 Nd7 10. a4 f5 11. Ng5 Nf6 12. Bf3 h6 13. Ne6 Bxe6 14. dxe6 f4 15. b5
g5 16. a5 Qe8 17. Be2 Qg6 18. f3 Ne8 19. Nd5 Bf6 20. Ba3 c6 21. Nxe7+ Bxe7 22.
a6 bxa6 23. bxc6 Qxe6 24. Rb1 Bd8 25. Qa4 Kh8 26. c5 dxc5 27. Bc4 Qg6 28. Rfd1
Bb6 29. Bb2 Bc7 30. Rd7 Bd6 31. Qd1 Rf6 32. Bc3 Rc8 33. Rbb7 Bc7 34. Qd5 h5 35.
Rbxc7 Rxc7 36. Rxc7 Nxc7 37. Qxe5 Kg7 38. Qe7+ 1-0

[Event "18. Int. Boeblinger Open"]
[Site "Boeblingen"]
[Date "2001.12.26"]
[Round "1"]
[White "Becking, Michael"]
[Black "Kalinitschew, Sergej"]
[Result "1/2-1/2"]
[WhiteElo "1880"]
[BlackElo "2487"]
[PlyCount "99"]
[EventDate "2001.??.??"]

1. Nf3 d5 2. d4 c5 3. e3 Nc6 4. Nbd2 cxd4 5. exd4 Bg4 6. h3 Bh5 7. Be2 e6 8. c3
Bd6 9. Ne5 Bg6 10. Nxg6 hxg6 11. Nf3 Qc7 12. Bd3 Nge7 13. Qe2 Bf4 14. Bxf4 Qxf4
15. Qd2 Qc7 16. Qe2 a6 17. a4 Rc8 18. O-O Qf4 19. Qe3 Qxe3 20. fxe3 f5 21. Nd2
Na5 22. Rac1 O-O 23. b4 Nc4 24. Bxc4 dxc4 25. e4 b5 26. e5 Nd5 27. a5 Rcd8 28.
Nf3 Kf7 29. Ng5+ Ke7 30. h4 Rh8 31. g3 Rh5 32. Nh3 Rdh8 33. Rf3 Kd7 34. Rcf1
Kc6 35. Kg2 Kd7 36. Rh1 Ke7 37. Rh2 Kd7 38. Rh1 Ke8 39. Rh2 Kf7 40. Ng5+ Ke7
41. Nh3 Rf8 42. Rh1 Rhh8 43. Rh2 Rd8 44. Rh1 Rh5 45. Nf4 Nxf4+ 46. gxf4 Rdh8
47. Rfh3 Kd7 48. Kf3 Kc6 49. R1h2 Kd5 50. Rh1 1/2-1/2

[Event "18. Int. Boeblinger Open"]
[Site "Boeblingen"]
[Date "2001.12.26"]
[Round "1"]
[White "Schenk, Andreas"]
[Black "Frei, Markus"]
[Result "1-0"]
[WhiteElo "2443"]
[BlackElo "1873"]
[PlyCount "39"]
[EventDate "2001.??.??"]

1. d4 Nf6 2. c4 c5 3. Nf3 e6 4. Nc3 Be7 5. d5 exd5 6. cxd5 d6 7. e4 O-O 8. Nd2
b6 9. a4 Re8 10. Bb5 Bd7 11. Be2 Qc8 12. O-O Na6 13. Nc4 Nb4 14. Bg5 Qb8 15.
Qd2 a6 16. Rfe1 Ng4 17. Bxg4 Bxg4 18. Bxe7 Rxe7 19. Qg5 Qe8 20. Qxg4 1-0

[Event "18. Int. Boeblinger Open"]
[Site "Boeblingen"]
[Date "2001.12.26"]
[Round "1"]
[White "Beck, Frederic"]
[Black "Joachim, Sven"]
[Result "0-1"]
[WhiteElo "1872"]
[BlackElo "2442"]
[PlyCount "68"]
[EventDate "2001.??.??"]

1. e4 c5 2. Nf3 d6 3. d4 cxd4 4. Nxd4 Nf6 5. Nc3 Nc6 6. f3 e5 7. Nb3 Be7 8. Be3
O-O 9. Nd5 Nxd5 10. exd5 Nb8 11. Bd3 Nd7 12. O-O Nf6 13. c4 Nh5 14. f4 Nxf4 15.
Bxf4 exf4 16. Rxf4 Bf6 17. Qc2 g6 18. Raf1 Be5 19. R4f2 a5 20. Re2 Bg4 21. Rd2
Qh4 22. g3 Qg5 23. Be4 a4 24. Nc1 f5 25. Bg2 f4 26. Nd3 fxg3 27. Nxe5 gxh2+ 28.
Kxh2 Qxe5+ 29. Kh1 Rxf1+ 30. Bxf1 Bf3+ 31. Bg2 Rf8 32. Rf2 Bxg2+ 33. Kxg2 Rxf2+
34. Kxf2 Qh2+ 0-1

[Event "18. Int. Boeblinger Open"]
[Site "Boeblingen"]
[Date "2001.12.26"]
[Round "1"]
[White "Haub, Thorsten-Michael"]
[Black "Alberts, Albert"]
[Result "1-0"]
[WhiteElo "2376"]
[BlackElo "1871"]
[PlyCount "39"]
[EventDate "2001.??.??"]

1. Nf3 d5 2. g3 Nf6 3. Bg2 g6 4. O-O Bg7 5. d3 O-O 6. Nbd2 Nc6 7. e4 dxe4 8.
dxe4 e5 9. c3 Qe7 10. b4 b6 11. a4 Rd8 12. Qe2 a5 13. b5 Nb8 14. Ba3 Qe8 15.
Rfd1 Be6 16. Nxe5 Nd5 17. exd5 Bxd5 18. Bxd5 Rxd5 19. Ndf3 Rxd1+ 20. Rxd1 1-0

[Event "18. Int. Boeblinger Open"]
[Site "Boeblingen"]
[Date "2001.12.26"]
[Round "1"]
[White "Ertl, Daniel"]
[Black "Gasthofer, Viktor"]
[Result "0-1"]
[WhiteElo "1870"]
[BlackElo "2342"]
[PlyCount "50"]
[EventDate "2001.??.??"]

1. d4 d5 2. c4 e6 3. Nc3 Nf6 4. cxd5 Nxd5 5. Nf3 c5 6. e4 Nxc3 7. bxc3 cxd4 8.
cxd4 Nc6 9. Bc4 Bb4+ 10. Bd2 Bxd2+ 11. Qxd2 O-O 12. O-O b6 13. Rac1 Bb7 14.
Rfe1 Rc8 15. Rc3 Qd6 16. Qe3 Rfd8 17. e5 Qe7 18. Bd3 Nb4 19. Bb1 Rxc3 20. Qxc3
Bxf3 21. gxf3 Qg5+ 22. Kh1 Nd5 23. Qc2 g6 24. Rg1 Qf4 25. Rg3 Qxd4 0-1

[Event "18. Int. Boeblinger Open"]
[Site "Boeblingen"]
[Date "2001.12.26"]
[Round "1"]
[White "Gheng, Josef"]
[Black "Aidam, Guenter"]
[Result "1-0"]
[WhiteElo "2340"]
[BlackElo "1868"]
[PlyCount "75"]
[EventDate "2001.??.??"]

1. e4 c5 2. Nf3 d6 3. d4 cxd4 4. Qxd4 Nc6 5. Bb5 a6 6. Bxc6+ bxc6 7. Bg5 Qc7 8.
O-O e5 9. Qd3 h6 10. Bh4 a5 11. c4 g5 12. Bg3 Be6 13. Nc3 Ne7 14. Rfd1 Ng6 15.
Rac1 Be7 16. Nd5 cxd5 17. cxd5 Qb6 18. dxe6 fxe6 19. Nd2 Qd4 20. Qb5+ Kf7 21.
Nc4 Qxe4 22. Qd7 Kf6 23. Nxd6 Bxd6 24. Rxd6 Rhe8 25. h3 Nf4 26. Bxf4 exf4 27.
Rc7 Qe1+ 28. Kh2 Qxf2 29. Qg7+ Kf5 30. Rf7+ Ke4 31. Qg6+ Ke5 32. Rd3 Rad8 33.
Qf6+ Ke4 34. Rf3 Qc5 35. Qxh6 Rd1 36. Qg6+ Ke5 37. Qxg5+ Kd6 38. Rd7+ 1-0

[Event "18. Int. Boeblinger Open"]
[Site "Boeblingen"]
[Date "2001.12.26"]
[Round "1"]
[White "Kabisch, Thilo"]
[Black "Maas, Oliver"]
[Result "1/2-1/2"]
[WhiteElo "2290"]
[BlackElo "1848"]
[PlyCount "35"]
[EventDate "2001.??.??"]

1. e4 c5 2. Nf3 d6 3. d4 cxd4 4. Nxd4 Nf6 5. Nc3 a6 6. Bg5 e6 7. f4 Qb6 8. Qd3
Qxb2 9. Nb3 Qa3 10. Bxf6 gxf6 11. Qd4 Nc6 12. Qxf6 Rg8 13. Qh4 Qb4 14. Qh3 Bg7
15. Kd2 Bxc3+ 16. Qxc3 Qxe4 17. Qe3 Qxe3+ 18. Kxe3 1/2-1/2

[Event "18. Int. Boeblinger Open"]
[Site "Boeblingen"]
[Date "2001.12.26"]
[Round "1"]
[White "Roerig, Gerhard"]
[Black "Fahnenschmidt, Gerhard"]
[Result "0-1"]
[WhiteElo "1835"]
[BlackElo "2281"]
[PlyCount "78"]
[EventDate "2001.??.??"]

1. Nf3 c5 2. g3 Nc6 3. Bg2 e5 4. d3 d5 5. O-O Be7 6. e4 d4 7. Nbd2 Be6 8. b3 h5
9. h3 g5 10. Nc4 Bf6 11. Nfd2 b5 12. Na3 Qa5 13. Bb2 Nge7 14. Qe1 Ng6 15. Nf3
Qb6 16. Nb1 g4 17. hxg4 hxg4 18. Nfd2 c4 19. dxc4 bxc4 20. c3 Rd8 21. Qd1 dxc3
22. Nxc3 Nb4 23. Qe2 Nd3 24. Na4 Qb5 25. Bc3 Bg5 26. Rfd1 Ngf4 27. Qf1 Nxg2 28.
Qxg2 cxb3 29. axb3 Bxd2 30. Rxd2 Bxb3 31. Nb2 Nxb2 32. Rxb2 Rd3 33. Qf1 Qc4 34.
Rxb3 O-O 35. Qe2 Rxg3+ 36. fxg3 Qxe2 37. Bxe5 Rc8 38. Rab1 Qxe4 39. Bf4 Rc2 0-1

[Event "18. Int. Boeblinger Open"]
[Site "Boeblingen"]
[Date "2001.12.26"]
[Round "1"]
[White "Kessler, Dietmar"]
[Black "Trumm, Achim"]
[Result "1-0"]
[WhiteElo "2273"]
[BlackElo "1833"]
[PlyCount "37"]
[EventDate "2001.??.??"]

1. e4 c5 2. Nc3 e6 3. g3 Nc6 4. Bg2 b6 5. d3 Bb7 6. f4 a6 7. Nf3 d6 8. O-O g6
9. f5 Be7 10. fxe6 fxe6 11. d4 cxd4 12. Nxd4 Nxd4 13. Qxd4 Bf6 14. Qf2 Rb8 15.
Bg5 Kf7 16. e5 dxe5 17. Rad1 Qe7 18. Bxb7 Rxb7 19. Ne4 1-0

[Event "18. Int. Boeblinger Open"]
[Site "Boeblingen"]
[Date "2001.12.26"]
[Round "1"]
[White "Grabarska, Barbara"]
[Black "Fichter, Michael"]
[Result "1-0"]
[WhiteElo "2240"]
[BlackElo "1822"]
[PlyCount "69"]
[EventDate "2001.??.??"]

1. e4 c5 2. Nf3 e6 3. d4 cxd4 4. Nxd4 Nf6 5. Nc3 d6 6. Be3 a6 7. f3 b5 8. Qd2
Nbd7 9. g4 h6 10. h4 Bb7 11. O-O-O b4 12. Nce2 d5 13. Ng3 dxe4 14. g5 hxg5 15.
hxg5 Rxh1 16. Nxh1 Nd5 17. g6 Nxe3 18. gxf7+ Kxf7 19. Qxe3 Qh4 20. Bc4 Bd5 21.
Bxd5 exd5 22. Nf5 Qh3 23. Nhg3 g6 24. Rh1 Qg2 25. Rh7+ Ke8 26. Nxe4 Kd8 27.
Rxd7+ Kxd7 28. Nf6+ Kc6 29. Qe6+ Kb7 30. Qxd5+ Ka7 31. Qf7+ Kb6 32. Nd5+ Kc5
33. Qc7+ Kxd5 34. Ne3+ Ke6 35. Nxg2 1-0

[Event "18. Int. Boeblinger Open"]
[Site "Boeblingen"]
[Date "2001.12.26"]
[Round "1"]
[White "Reljic, Radomir"]
[Black "Fidison, Robinson"]
[Result "1-0"]
[WhiteElo "2231"]
[BlackElo "1800"]
[PlyCount "97"]
[EventDate "2001.??.??"]

1. d4 d5 2. c4 e6 3. Nc3 Nf6 4. Nf3 c6 5. g3 Be7 6. Bg2 Nbd7 7. O-O O-O 8. Qc2
dxc4 9. Ne5 Nb6 10. Rd1 Nfd5 11. e4 Nf6 12. a4 a5 13. Qe2 Nfd7 14. Nxc4 Nxc4
15. Qxc4 Bf6 16. Be3 Re8 17. f4 g6 18. Qb3 Bg7 19. Bf2 Qe7 20. d5 e5 21. Qc4
Ra6 22. Rac1 Qf6 23. Be3 Bh6 24. Rf1 Rf8 25. Kh1 Qe7 26. Qe2 exf4 27. gxf4 Nf6
28. d6 Qe8 29. e5 Bg4 30. Qf2 Nd7 31. Qh4 Bh5 32. Bh3 Nxe5 33. fxe5 Bxe3 34.
Rce1 Qxe5 35. Ne4 f5 36. Rxe3 fxe4 37. Rxf8+ Kxf8 38. d7 Ra8 39. d8=Q+ Rxd8 40.
Qxd8+ Kg7 41. Qd7+ Kh6 42. Qd2 Qg5 43. Bg2 Qd5 44. Rd3+ Qg5 45. Bxe4 Bg4 46.
Kg2 Bf5+ 47. Qxg5+ Kxg5 48. Bxf5 Kxf5 49. Rd7 1-0

[Event "18. Int. Boeblinger Open"]
[Site "Boeblingen"]
[Date "2001.12.26"]
[Round "1"]
[White "Braig, Elmar"]
[Black "Schneider, Heiko"]
[Result "0-1"]
[WhiteElo "1798"]
[BlackElo "2229"]
[PlyCount "36"]
[EventDate "2001.??.??"]

1. e4 c5 2. b4 cxb4 3. Bb2 d5 4. exd5 Qxd5 5. d4 Nf6 6. c4 bxc3 7. Nxc3 Qa5 8.
Bc4 e6 9. Nge2 Be7 10. O-O O-O 11. Qb3 Nbd7 12. f4 Nb6 13. Bd3 Bd7 14. a4 Rac8
15. Ng3 Qb4 16. Qxb4 Bxb4 17. Rac1 Nc4 18. Ba1 Nd2 0-1

[Event "18. Int. Boeblinger Open"]
[Site "Boeblingen"]
[Date "2001.12.26"]
[Round "1"]
[White "Kapic, Ibrahim"]
[Black "Lippert, Roland"]
[Result "1-0"]
[WhiteElo "2227"]
[BlackElo "1796"]
[PlyCount "37"]
[EventDate "2001.??.??"]

1. e4 e6 2. d4 d5 3. Nc3 Bb4 4. Qd3 dxe4 5. Qxe4 Nf6 6. Qh4 Nd5 7. Qxd8+ Kxd8
8. Bd2 Nc6 9. Nf3 Bd7 10. a3 Be7 11. Bc4 Nxc3 12. Bxc3 Rf8 13. O-O-O f6 14.
Rhe1 e5 15. dxe5 fxe5 16. Nxe5 Nxe5 17. Bxe5 Rxf2 18. Bxc7+ Kxc7 19. Rxe7 1-0

[Event "18. Int. Boeblinger Open"]
[Site "Boeblingen"]
[Date "2001.12.27"]
[Round "2"]
[White "Gerhardt, Peter-Michael"]
[Black "Farago, Ivan"]
[Result "0-1"]
[WhiteElo "2122"]
[BlackElo "2527"]
[PlyCount "78"]
[EventDate "2001.??.??"]

1. d4 Nf6 2. Nf3 e6 3. g3 c5 4. Bg2 Qb6 5. O-O Nc6 6. c3 d5 7. b3 Bd6 8. Ba3
O-O 9. Bxc5 Bxc5 10. dxc5 Qxc5 11. Nd4 Ne7 12. e3 e5 13. Nf3 Bg4 14. Qc1 Bxf3
15. Bxf3 Rac8 16. Qb2 Rc7 17. Rc1 Nf5 18. Nd2 Rfc8 19. c4 d4 20. exd4 Nxd4 21.
Re1 Rd7 22. Bg2 Rcd8 23. Nf1 e4 24. Re3 Qe5 25. Kh1 Qf5 26. h3 Nf3 27. Qe2 Nd4
28. Qb2 h5 29. Rd1 h4 30. gxh4 Qh5 31. Rde1 Qxh4 32. Ng3 Nf3 33. Rf1 Rd2 34.
Qc3 Rxa2 35. Re2 Rxe2 36. Nxe2 Ng4 37. Ng3 Nxf2+ 38. Rxf2 Qxg3 39. Qe3 Qh2# 0-1

[Event "18. Int. Boeblinger Open"]
[Site "Boeblingen"]
[Date "2001.12.27"]
[Round "2"]
[White "Jaracz, Pawel"]
[Black "Klimpel, Thomas"]
[Result "1-0"]
[WhiteElo "2525"]
[BlackElo "2116"]
[PlyCount "55"]
[EventDate "2001.??.??"]

1. e4 e5 2. Nf3 Nf6 3. Nxe5 d6 4. Nf3 Nxe4 5. c4 Be7 6. d4 Bg4 7. h3 Bh5 8. Qb3
Nd7 9. Qxb7 Bxf3 10. gxf3 Nef6 11. Nc3 O-O 12. Qc6 Re8 13. Be3 a6 14. O-O-O Qc8
15. f4 Rb8 16. c5 Rb4 17. a3 Nb8 18. Qf3 Rb3 19. Bc4 Rxc3+ 20. bxc3 dxc5 21.
dxc5 Nbd7 22. Qc6 Nb8 23. Qa4 Qf5 24. Rhe1 Nbd7 25. Bd3 Qe6 26. Bd4 Qa2 27. Bc4
Nb6 28. Qxe8+ 1-0

[Event "18. Int. Boeblinger Open"]
[Site "Boeblingen"]
[Date "2001.12.27"]
[Round "2"]
[White "Scherrer, Alexander"]
[Black "Schenk, Andreas"]
[Result "0-1"]
[WhiteElo "2117"]
[BlackElo "2443"]
[PlyCount "88"]
[EventDate "2001.??.??"]

1. e4 e6 2. d4 d5 3. Nd2 c5 4. exd5 Qxd5 5. Ngf3 cxd4 6. Bc4 Qd6 7. O-O Nf6 8.
Nb3 Nc6 9. Nbxd4 Nxd4 10. Nxd4 a6 11. Re1 Qc7 12. Bb3 Bd7 13. c3 O-O-O 14. Qe2
Bd6 15. h3 Rhg8 16. Be3 g5 17. Qc4 Nh5 18. Qxc7+ Bxc7 19. Bd1 Nf4 20. Bf3 e5
21. Nb3 f5 22. Bxf4 gxf4 23. Bd5 Rg6 24. f3 Bc6 25. Bxc6 Rxc6 26. Rad1 Rd7 27.
Kf1 Kd8 28. Rxd7+ Kxd7 29. Re2 Bd6 30. Ke1 Rc8 31. Kd1 Ke6 32. Kc2 h5 33. Kd3
b5 34. Nd2 Rd8 35. Kc2 Bc5 36. Nf1 Rg8 37. Kd3 Kd5 38. b3 Rg7 39. c4+ bxc4+ 40.
bxc4+ Kd6 41. Rb2 Bd4 42. Rc2 a5 43. Re2 a4 44. Rc2 Kc5 0-1

[Event "18. Int. Boeblinger Open"]
[Site "Boeblingen"]
[Date "2001.12.27"]
[Round "2"]
[White "Joachim, Sven"]
[Black "Klaric, Zoran"]
[Result "1-0"]
[WhiteElo "2442"]
[BlackElo "2085"]
[PlyCount "95"]
[EventDate "2001.??.??"]

1. e4 e6 2. d4 d5 3. Nc3 Bb4 4. e5 Ne7 5. a3 Bxc3+ 6. bxc3 c5 7. Qg4 O-O 8. Bd3
c4 9. Bh6 Ng6 10. Bxg6 fxg6 11. Be3 Qe7 12. h4 Bd7 13. h5 Be8 14. h6 Rf5 15.
Ne2 Rh5 16. Rxh5 gxh5 17. Qxg7+ Qxg7 18. hxg7 Kxg7 19. Nf4 Bf7 20. Rb1 b6 21.
Kd2 Nc6 22. Rh1 Rg8 23. Nxh5+ Kf8 24. g3 Bg6 25. Nf6 Rh8 26. g4 Ne7 27. Bg5 Kf7
28. Rh3 Ng8 29. Nh5 Be4 30. f3 Bg6 31. Ng3 Ne7 32. Bxe7 Kxe7 33. f4 Rg8 34. f5
Bf7 35. f6+ Ke8 36. Rxh7 Rxg4 37. Ne2 Kf8 38. Ke3 Kg8 39. Rh2 Bg6 40. Nf4 Bf5
41. Rh5 Kf7 42. Rxf5 exf5 43. Nxd5 Ke6 44. Nf4+ Kf7 45. d5 Rg3+ 46. Kd2 Rg4 47.
d6 Rg8 48. Ke3 1-0

[Event "18. Int. Boeblinger Open"]
[Site "Boeblingen"]
[Date "2001.12.27"]
[Round "2"]
[White "Tabatt, Hendrik"]
[Black "Haub, Thorsten-Michael"]
[Result "0-1"]
[WhiteElo "2111"]
[BlackElo "2376"]
[PlyCount "68"]
[EventDate "2001.??.??"]

1. d4 e6 2. c4 f5 3. Nf3 Nf6 4. e3 Bb4+ 5. Nbd2 O-O 6. Bd3 b6 7. O-O Bb7 8. Qc2
Qe8 9. a3 Bxd2 10. Nxd2 Qh5 11. b4 Nc6 12. f3 f4 13. Nb3 fxe3 14. Bxe3 Ne7 15.
Bf2 Qg5 16. Rae1 Ng6 17. Bxg6 Qxg6 18. Qxg6 hxg6 19. Bg3 Rac8 20. Rc1 Nh5 21.
Rfd1 g5 22. Bf2 Nf4 23. Rd2 Nxg2 24. d5 Nf4 25. Nd4 exd5 26. c5 bxc5 27. Rxc5
d6 28. Rb5 Ba8 29. Ra5 c5 30. Nc2 d4 31. Bg3 Bxf3 32. Bxf4 Rxf4 33. Rxa7 Be4
34. b5 Rcf8 0-1

[Event "18. Int. Boeblinger Open"]
[Site "Boeblingen"]
[Date "2001.12.27"]
[Round "2"]
[White "Gasthofer, Viktor"]
[Black "Breitschaedel, Oliver"]
[Result "1-0"]
[WhiteElo "2342"]
[BlackElo "2078"]
[PlyCount "87"]
[EventDate "2001.??.??"]

1. d4 Nf6 2. c4 e6 3. Nf3 d5 4. g3 Be7 5. Bg2 O-O 6. O-O b6 7. cxd5 exd5 8. Nc3
h6 9. Ne5 Bb7 10. Qa4 c5 11. Bf4 cxd4 12. Qxd4 Nc6 13. Nxc6 Bxc6 14. Be5 Qd7
15. Qd3 Rfd8 16. Rad1 Qe6 17. Bd4 Ne4 18. Rc1 Nc5 19. Qf3 Rac8 20. Rfd1 Ne4 21.
h4 Bf6 22. Bxf6 Nxf6 23. Rd4 Ne4 24. Qe3 Nxc3 25. Rxc3 Re8 26. Qd2 Qxe2 27.
Qxe2 Rxe2 28. Bxd5 Bd7 29. Bxf7+ Kxf7 30. Rxd7+ Ke6 31. Rxa7 Rxc3 32. bxc3 g6
33. Ra6 Rb2 34. a4 Kf5 35. a5 bxa5 36. Rxa5+ Kf6 37. Ra6+ Kf5 38. Kg2 Rc2 39.
Rc6 g5 40. Rxh6 gxh4 41. Rxh4 Rxc3 42. Ra4 Rc5 43. g4+ Kg5 44. Kg3 1-0

[Event "18. Int. Boeblinger Open"]
[Site "Boeblingen"]
[Date "2001.12.27"]
[Round "2"]
[White "Jerosch, Gunnar"]
[Black "Gheng, Josef"]
[Result "0-1"]
[WhiteElo "2087"]
[BlackElo "2340"]
[PlyCount "76"]
[EventDate "2001.??.??"]

1. c4 e5 2. Nc3 Nf6 3. g3 Bc5 4. Bg2 O-O 5. e3 Re8 6. Qc2 c6 7. a3 Bf8 8. e4 a5
9. Nge2 Na6 10. Rb1 Nc7 11. O-O b5 12. d3 b4 13. axb4 axb4 14. Na4 Ne6 15. b3
Bb7 16. Bd2 c5 17. Ra1 Bc6 18. Nb2 Qb6 19. f4 d6 20. Bh3 Nd4 21. Nxd4 exd4 22.
Rxa8 Rxa8 23. e5 Nd7 24. e6 Nf6 25. exf7+ Kxf7 26. Nd1 Qa7 27. Bc1 Re8 28. Nf2
Bf3 29. Bd2 Re2 30. Re1 Rxe1+ 31. Bxe1 Qa1 32. Kf1 h5 33. Bf5 d5 34. h3 g6 35.
Bc8 Qa8 36. cxd5 Qxc8 37. g4 Nxd5 38. gxh5 Ne3+ 0-1

[Event "18. Int. Boeblinger Open"]
[Site "Boeblingen"]
[Date "2001.12.27"]
[Round "2"]
[White "Becking, Franz Josef"]
[Black "Sadiku, Bedri"]
[Result "1-0"]
[WhiteElo "2076"]
[BlackElo "2310"]
[PlyCount "87"]
[EventDate "2001.??.??"]

1. d4 g6 2. Nc3 Bg7 3. e4 d6 4. Nf3 Nd7 5. Be3 c6 6. Be2 a6 7. Qd2 b5 8. h3 Qc7
9. Nh2 e5 10. Ng4 f5 11. exf5 gxf5 12. Bh6 Nxh6 13. Nxh6 Nf8 14. dxe5 dxe5 15.
g4 Bxh6 16. Qxh6 Ng6 17. gxf5 Bxf5 18. Bg4 Bxg4 19. hxg4 Qe7 20. O-O-O Qf8 21.
Qe3 Qf4 22. Qxf4 Nxf4 23. Rhe1 O-O 24. Rxe5 Ra7 25. Rd6 Ng6 26. Rf5 Rxf5 27.
gxf5 Ne5 28. f4 Ng4 29. Ne4 Re7 30. Nf6+ Nxf6 31. Rxf6 Rf7 32. Rxc6 Rxf5 33.
Rxa6 Rxf4 34. Ra5 b4 35. a4 Kg7 36. Rb5 Kg6 37. a5 h5 38. a6 Rf1+ 39. Kd2 Ra1
40. Rb6+ Kg5 41. Rb5+ Kg6 42. Ke2 Ra2 43. Kd3 Rxb2 44. Ra5 1-0

[Event "18. Int. Boeblinger Open"]
[Site "Boeblingen"]
[Date "2001.12.27"]
[Round "2"]
[White "Becking, Stephan"]
[Black "Czarnik, Josef"]
[Result "1-0"]
[WhiteElo "2302"]
[BlackElo "2068"]
[PlyCount "73"]
[EventDate "2001.??.??"]

1. e4 e5 2. Nf3 Nf6 3. Nc3 Bb4 4. a3 Bxc3 5. dxc3 O-O 6. Bg5 d6 7. Bd3 Be6 8.
Qe2 Nbd7 9. b4 a5 10. O-O Ra7 11. Be3 Ra8 12. Ng5 Bg4 13. f3 Bh5 14. g4 Bg6 15.
h4 h6 16. h5 Bh7 17. Nh3 d5 18. exd5 Nxd5 19. Bxh7+ Kxh7 20. Qd3+ f5 21. Qxd5
Qh4 22. Kg2 c6 23. Qxd7 Rad8 24. Bf2 Qxh3+ 25. Kxh3 Rxd7 26. Bc5 fxg4+ 27. fxg4
Ra8 28. Rad1 Rxd1 29. Rxd1 axb4 30. axb4 Ra3 31. Rd3 Ra2 32. Bd6 e4 33. Re3
Rxc2 34. Be5 Kg8 35. Rxe4 Rd2 36. Bd4 Rd3+ 37. Re3 1-0

[Event "18. Int. Boeblinger Open"]
[Site "Boeblingen"]
[Date "2001.12.27"]
[Round "2"]
[White "Dietrich, Ralf"]
[Black "Braeunlin, Klaus"]
[Result "0-1"]
[WhiteElo "2270"]
[BlackElo "2052"]
[PlyCount "64"]
[EventDate "2001.??.??"]

1. e4 d5 2. exd5 Nf6 3. c4 c6 4. d4 cxd5 5. Nc3 e6 6. Nf3 Be7 7. Bd3 O-O 8. O-O
Nc6 9. c5 b6 10. Qa4 Bb7 11. b4 a5 12. b5 Nb4 13. Bb1 bxc5 14. dxc5 Bxc5 15. a3
d4 16. Rd1 Qc7 17. Ne2 Bxf3 18. gxf3 Nbd5 19. Bg5 Qe5 20. Bxf6 Qxf6 21. Be4 d3
22. Bxd3 Qxf3 23. Qh4 g6 24. Ra2 Rad8 25. Be4 Bxf2+ 26. Qxf2 Qxe4 27. Rad2 Rb8
28. Nd4 Nc3 29. Rc1 Qg4+ 30. Kh1 Ne4 31. Qg2 Qf4 32. Rdd1 Nf2+ 0-1

[Event "18. Int. Boeblinger Open"]
[Site "Boeblingen"]
[Date "2001.12.27"]
[Round "2"]
[White "Strathmann, Sascha"]
[Black "Hoffmann, Hans"]
[Result "1-0"]
[WhiteElo "2047"]
[BlackElo "2236"]
[PlyCount "49"]
[EventDate "2001.??.??"]

1. e4 c5 2. Nf3 e6 3. d4 cxd4 4. Nxd4 Nf6 5. Nc3 d6 6. Be3 Nc6 7. Bd3 Be7 8.
O-O O-O 9. f4 a6 10. Nxc6 bxc6 11. g4 Ne8 12. Qf3 e5 13. Ne2 Qd7 14. f5 d5 15.
Kh1 Bb7 16. Rad1 Qc7 17. g5 f6 18. g6 h6 19. Ng3 Nd6 20. c4 dxc4 21. Be2 c5 22.
Rxd6 Bxd6 23. Bxc4+ Kh8 24. Qh5 Rfd8 25. Bxh6 1-0

[Event "18. Int. Boeblinger Open"]
[Site "Boeblingen"]
[Date "2001.12.27"]
[Round "2"]
[White "Schlachetzki, Horst"]
[Black "Wohlfart, Paulus"]
[Result "0-1"]
[WhiteElo "2024"]
[BlackElo "2210"]
[PlyCount "36"]
[EventDate "2001.??.??"]

1. e4 e5 2. Nf3 d6 3. d4 Nf6 4. Bc4 Nxe4 5. dxe5 c6 6. exd6 Bxd6 7. O-O O-O 8.
Be3 Bg4 9. h3 Bh5 10. g4 Bg6 11. Nbd2 b5 12. Nxe4 Bxe4 13. Ng5 Bg6 14. Bd3 Qf6
15. f4 Re8 16. Bxg6 Qxg6 17. Qd2 Na6 18. a3 Rxe3 0-1

[Event "18. Int. Boeblinger Open"]
[Site "Boeblingen"]
[Date "2001.12.27"]
[Round "3"]
[White "Zeier, Robert"]
[Black "Horvath, Joszef"]
[Result "0-1"]
[WhiteElo "2174"]
[BlackElo "2551"]
[PlyCount "56"]
[EventDate "2001.??.??"]

1. e4 c5 2. Nf3 e6 3. d4 cxd4 4. Nxd4 a6 5. Bd3 g6 6. O-O Bg7 7. c3 Ne7 8. Nd2
d5 9. exd5 Nxd5 10. N2f3 O-O 11. Bg5 f6 12. Bh4 g5 13. Bg3 g4 14. Ne1 f5 15.
Bxb8 Rxb8 16. Nec2 e5 17. Ne2 b5 18. Nb4 Nxb4 19. cxb4 Rb6 20. Bc2 Qh4 21. g3
Qh5 22. Nc3 Bb7 23. h4 Bf3 24. Qd7 Rh6 25. Bd1 Bf6 26. Bxf3 gxf3 27. Rfd1 Bxh4
28. Rd6 Bf6 0-1

[Event "18. Int. Boeblinger Open"]
[Site "Boeblingen"]
[Date "2001.12.27"]
[Round "3"]
[White "Farago, Ivan"]
[Black "Hitzler, Philipp"]
[Result "1-0"]
[WhiteElo "2527"]
[BlackElo "2175"]
[PlyCount "41"]
[EventDate "2001.??.??"]

1. d4 Nf6 2. c4 e6 3. Nf3 b6 4. a3 Ba6 5. Qc2 Bb7 6. Nc3 c5 7. e4 cxd4 8. Nxd4
Nc6 9. Nxc6 Bxc6 10. Bd3 Qb8 11. Qe2 Bd6 12. h3 Be5 13. O-O Bxc3 14. bxc3 e5
15. Bg5 Qd6 16. f4 O-O 17. fxe5 Qc5+ 18. Be3 Qxe5 19. Bd4 Qe7 20. Bxf6 gxf6 21.
Qg4+ 1-0